HANDBOOK OF SIMPLIFIEED ELECTRICAL WIRING DESIGN (Record no. 581516)

000 -LEADER
fixed length control field 00321nam a22001217a 4500
020 ## - INTERNATIONAL STANDARD BOOK NUMBER
International Standard Book Number 0-13-381681-8
082 ## - DEWEY DECIMAL CLASSIFICATION NUMBER
Classification number 621.319240202 LEN'H
100 ## - MAIN ENTRY--PERSONAL NAME
Personal name LENK, JOHN D
9 (RLIN) 57741
245 ## - TITLE STATEMENT
Title HANDBOOK OF SIMPLIFIEED ELECTRICAL WIRING DESIGN
260 ## - PUBLICATION, DISTRIBUTION, ETC.
Place of publication, distribution, etc. NEW JERSEY
Name of publisher, distributor, etc. PRENTICE HALL
Date of publication, distribution, etc. 1975
300 ## - PHYSICAL DESCRIPTION
Extent XIX,332P
942 ## - ADDED ENTRY ELEMENTS (KOHA)
Koha item type Book
Source of classification or shelving scheme
Holdings
Withdrawn status Lost status Source of classification or shelving scheme Damaged status Not for loan Permanent Location Current Location Shelving location Date acquired Full call number Barcode Date last seen Price effective from Koha item type
      Damaged   College of Electrical & Mechanical Engineering (CEME) College of Electrical & Mechanical Engineering (CEME) General Stacks 05/26/2017 621.319240202 LEN'H CEME-11549 06/28/2021 06/28/2021 Book
© 2023 Central Library, National University of Sciences and Technology. All Rights Reserved.